000 00523nam a22001817a 4500
005 20251204144915.0
008 251008b |||||||| |||| 00| 0 eng d
020 _a978-93-88725-99-6
041 _aeng
082 _a612 KHU-A
100 _aKHURANA, INDU AND KHURANA, ARUSHI
_98723
245 _aTEXTBOOK OF ANATOMY AND PHYSIOLOGY FOR PARAMEDICALS & HEALTH PROFESSIONALS
250 _a1ST ED. 2020
260 _aNEW DELHI
_bCBS PUBLISHERS
300 _a551;P
650 _aPARAMEDICAL
_xBMLT/BMIRT
_98847
942 _cBK
999 _c8897
_d8895